000 00704nam a2200229Ia 4500
003 OSt
005 20220928113548.0
006 a|||||r|||| 00| 0
007 ta
008 220927b |||||||| |||| 00| 0 eng d
024 _a27127
037 _cReference Collections
040 _aSDCL
_cSDCL
_beng
041 _2eng
_aeng
082 _aO-944a, L4 RR
100 _aNaqvi Rafiq Ahmad
_9433810
245 0 _aIndian response to literature in English
_b An annotated bibliography.
260 _aGurgaon
_bIndian Documentation Service
_c1974
300 _avii,191p
_ccm.
942 _hO-944a, L4 RR
_cREF
_2CC
999 _c750218
_d750218